Municipis del País Valencià per comarques - Statistics

General Stats
  • This quiz has been taken 406 times
  • The average score is 207 of 655
Answers on the Map
Answers color-coded by a green-red scale on the quiz's map according to % correct below.
 
Answer Stats
Alacantí % Correct
València
90%
Alacant
86%
Castelló
86%
Dénia
81%
Elx
79%
Gandia
77%
Requena
77%
Xàtiva
76%
Alcoi
75%
Benidorm
75%
Cullera
75%
Sagunt
74%
Utiel
73%
Sueca
70%
Torrent
70%
Alzira
69%
Xàbia
68%
Vinarós
67%
Ademús
66%
Silla
66%
la Vila Joiosa
64%
Morella
64%
Peníscola
64%
Bunyol
63%
Castelló de la Plana
63%
Oliva
63%
Picassent
63%
Albal
62%
Calp
62%
Catarroja
62%
Oriola
62%
Altea
61%
Vila-real
61%
Alfafar
60%
Benicarló
60%
Benicàssim
60%
Borriana
60%
Manises
60%
Ontinyent
60%
Pego
60%
Santa Pola
60%
Villena
60%
Llíria
59%
Paiporta
59%
Algemesí
58%
Elda
58%
Massanassa
58%
Tavernes de la Valldigna
58%
Alboraia
57%
Carcaixent
57%
Paterna
57%
Albaida
56%
Burjassot
56%
Xixona
56%
Rafal
55%
Sant Vicent del Raspeig
55%
Torrevella
55%
Cocentaina
54%
Ibi
54%
Onda
54%
Xiva
54%
Benifaió
53%
l'Alcúdia
53%
Mislata
53%
Muro d'Alcoi
53%
Picanya
53%
Xera
53%
Almussafes
52%
Benetússer
52%
Benissa
52%
Aiora
51%
Alcàsser
51%
Puçol
51%
Xirivella
51%
Cofrents
50%
Alaquàs
49%
Novelda
49%
Tavernes Blanques
49%
Xeraco
49%
Xest
49%
Guardamar del Segura
48%
Quart de Poblet
48%
Bocairent
47%
Moixent
47%
Petrer
47%
Rafelbunyol
47%
Sedaví
47%
Sogorb
47%
Aldaia
46%
Canals
46%
Crevillent
46%
Navarrés
46%
Bétera
45%
Godella
45%
la Pobla Llarga
45%
Llocnou de la Corona
45%
Orpesa
45%
Tibi
45%
Banyeres de Mariola
44%
Énguera
44%
la Font de la Figuera
44%
Massamagrell
44%
Ondara
44%
Riba-roja de Túria
44%
Saix
44%
Tous
43%
Vall d'Uixó
43%
Almassora
42%
Anna
42%
el Campello
42%
Finestrat
42%
Foios
42%
Manuel
42%
Sant Joan d'Alacant
42%
Vallada
42%
Xeresa
42%
Montcada
41%
Aielo de Malferit
40%
Alcalà de Xivert - Alcossebre
40%
Castalla
40%
l'Eliana
40%
l'Énova
40%
Nules
40%
Pedreguer
40%
Pilar de la Foradada
40%
Setaigües
40%
Simat de la Valldigna
40%
Agost
39%
Alginet
39%
Biar
39%
Carlet
39%
Daimús
39%
Sollana
39%
Beniparrell
38%
Gata de Gorgos
38%
Mutxamel
38%
Onil
38%
Piles
38%
Serra
38%
Alberic
37%
Beneixama
37%
Benimodo
37%
Montanejos
37%
Quatretonda
37%
Sant Mateu
37%
Teulada
37%
Vilafranca
37%
Almàssera
36%
Barx
36%
Càrcer
36%
el Genovés
36%
el Puig de Santa Maria
36%
Fontanars dels Alforins
36%
l'Alfàs del Pi
36%
la Llosa de Ranes
36%
Miramar
36%
Museros
36%
Nàquera
36%
Teresa
36%
Albocàsser
35%
Corbera
35%
Dosaigües
35%
el Villar
35%
Godelleta
35%
l'Alcúdia de Crespins
35%
la Pobla de Farnals
35%
Alfafara
34%
Alfarb
34%
Alfarrasí
34%
Almenara
34%
Altura
34%
Asp
34%
Atzeneta d'Albaida
34%
Barxeta
34%
Beniarrés
34%
Benigànim
34%
Culla
34%
Faura
34%
Guardamar de la Safor
34%
la Canyada de Biar
34%
l'Olleria
34%
Montesa
34%
Otos
34%
Quatretondeta
34%
Salines
34%
Xella
34%
Xelva
34%
Xilxes
34%
Aielo de Rugat
33%
Cases Altes
33%
Cases Baixes
33%
Emperador
33%
Guadassuar
33%
la Nucia
33%
Rugat
33%
Agres
32%
Agullent
32%
Aigües
32%
Bellreguard
32%
Cabanes
32%
Callosa d'en Sarrià
32%
Casinos
32%
Castelló de Rugat
32%
la Font d'en Carròs
32%
Millars
32%
Monòver
32%
Montroi
32%
Montserrat
32%
Polop
32%
Ròtova
32%
Sant Antoni de Benaixeve
32%
Catadau
31%
el Real de Gandia
31%
Llanera de Ranes
31%
Sumacàrcer
31%
Xaló
31%
Benlloc
30%
Castell de Castells
30%
Castellfabib
30%
el Pinòs
30%
Favara
30%
Llutxent
30%
Orba
30%
Potries
30%
Quesa
30%
Venta del Moro
30%
Alcalalí
29%
Atzeneta del Maestrat
29%
Bellús
29%
Benilloba
29%
Borriol
29%
Canet d'en Berenguer
29%
el Palomar
29%
els Poblets
29%
el Verger
29%
Iàtova
29%
l'Alcora
29%
la Pobla del Duc
29%
les Alqueries
29%
Llombai
29%
Massalavés
29%
Montaverner
29%
Palma de Gandia
29%
Riola
29%
Salem
29%
Torís
29%
Torreblanca
29%
Vilallonga
29%
Beniarbeig
28%
Benicolet
28%
Benissoda
28%
Bicorb
28%
Busot
28%
l'Alcúdia
28%
Loriguilla
28%
Meliana
28%
Moncofa
28%
Novetlè
28%
Novetlé
28%
Senyera
28%
Zarra
28%
Albalat dels Sorells
27%
Albalat dels Tarongers
27%
Almoines
27%
Antella
27%
Benassal
27%
Beneixida
27%
Benicull de Xúquer
27%
Dolores
27%
el Fondó de les Neus
27%
Gàtova
27%
Gavarda
27%
Gilet
27%
la Pobla de Vallbona
27%
la Vall d'Ebo
27%
Massalfassar
27%
Olocau del Rei
27%
Orxeta
27%
Rafelcofer
27%
Sella
27%
Tàrbena
27%
Torrebaixa
27%
Xert
27%
Xulilla
27%
Albalat de la Ribera
26%
Beniatjar
26%
Castellonet de la Conquesta
26%
el Camp de Mirra
26%
el Ràfol de Salem
26%
Montfort
26%
Palmera
26%
Penàguila
26%
Torres Torres
26%
Vallés
26%
Vilamarxant
26%
Ador
25%
Alcàntera de Xúquer
25%
Bèlgida
25%
Benaguasil
25%
Benaixeve
25%
Benidoleig
25%
Benimuslem
25%
Bolbait
25%
Callosa de Segura
25%
Camporrobles
25%
Carrícola
25%
Castell de Cabres
25%
Catí
25%
Coix
25%
el Castell de Guadalest
25%
Figueroles de Domenyo
25%
la Granja de la Costera
25%
la Vall de Gallinera
25%
Marines
25%
Montitxelvo
25%
Pinet
25%
Rafelguaraf
25%
Relleu
25%
Rocafort
25%
Sant Joanet
25%
Sant Jordi
25%
Teresa de Cofrents
25%
Tormos
25%
Torrella
25%
Vilafamés
25%
Almoradí
24%
Beniflà
24%
Bonrepòs i Mirambell
24%
Fortaleny
24%
Guadasséquies
24%
la Romana
24%
Planes
24%
Rotglà i Corberà
24%
Sant Miquel de les Salines
24%
Xalans
24%
Alfauir
23%
Ares del Maestrat
23%
Benferri
23%
Benirredrà
23%
Benissuera
23%
Bufali
23%
Calles
23%
Castellfort
23%
Cinctorres
23%
Cortes de Pallars
23%
Cotes
23%
Daia Nova
23%
Daia Vella
23%
el Fondó dels Frares
23%
el Palomar
23%
el Poble Nou de Benitatxell
23%
Fanzara
23%
Figueres
23%
Figueroles
23%
la Torre de les Maçanes
23%
Llaurí
23%
Llauri
23%
Llíber
23%
Llocnou d'en Fenollet
23%
Parcent
23%
Polinyà de Xúquer
23%
Quartell
23%
Real de Montroi
23%
Redovà
23%
Santa Magdalena del Polpís
23%
Sempere
23%
Senija
23%
Terrateig
23%
Titaigües
23%
Vistabella del Maestrat
23%
Viver
23%
Xarafull
23%
Xelva
23%
Xodos
23%
Aín
22%
Alfara del Patriarca
22%
Benifairó de la Valldigna
22%
Càlig
22%
Canet lo Roig
22%
Castellnou
22%
Domenyo
22%
Fuenterrobles
22%
l'Alguenya
22%
la Vilavella
22%
les Coves de Vinromà
22%
Llucena
22%
l'Orxa
22%
Pedralba
22%
Sagra
22%
Sant Rafel del Maestrat
22%
Albuixec
21%
Alpont
21%
Barraques
21%
Beniardà
21%
Beniarjó
21%
Benillup
21%
Bolulla
21%
Caudiel
21%
Cerdà
21%
Confrides
21%
Estivella
21%
Estubeny
21%
la Mata de Morella
21%
l'Atzúbia
21%
la Vall de Laguar
21%
Portell de Morella
21%
Rossell
21%
Sanet i els Negrals
21%
Sant Fulgenci
21%
Sellent
21%
Sorita
21%
Sot de Xera
21%
Tírig
21%
Toixa
21%
Vallibona
21%
Vinalesa
21%
Xèrica
21%
Albatera
20%
Alcosser de Planes
20%
Almiserà
20%
Benimeli
20%
Benissanó
20%
los Montesinos
20%
Millena
20%
Petrés
20%
Sant Isidre
20%
Vall d'Alba
20%
Alboraig
19%
Alcosser de Planes
19%
Ares dels Oms
19%
Balones
19%
Benejússer
19%
Benifato
19%
Caudete de las Fuentes
19%
el Toro
19%
la Pobla de Benifassà
19%
Macastre
19%
Murla
19%
Navaixes
19%
Rojals
19%
Torrebaixa
19%
Vallanca
19%
Xestalgar
19%
Alcoleja
18%
Artana
18%
Benifairó de les Valls
18%
Benifàllim
18%
Benigembla
18%
Benimantell
18%
Betxí
18%
Cervera del Maestrat
18%
Cirat
18%
Herbers
18%
l'Alcúdia de Veo
18%
la Vall d'Alcalà
18%
Llocnou de Sant Jeroni
18%
Palanques
18%
Pina de Montalgrao
18%
Quart de les Valls
18%
Sinarques
18%
Sucaina
18%
Villores
18%
Alfondeguilla
17%
Algar de Palància
17%
Andilla
17%
el Ràfol d'Almúnia
17%
Forcall
17%
Formentera de Segura
17%
Gaianes
17%
la Jana
17%
les Alcubles
17%
les Useres
17%
Soneixa
17%
Xóvar
17%
Benafigos
16%
Benavites
16%
Benijòfer
16%
Benimarfull
16%
Bigastre
16%
Catral
16%
Domenyo
16%
Eslida
16%
Espadella
16%
Famorca
16%
la Granja de la Costera
16%
la Llosa del Bisbe
16%
l'Alqueria d'Asnar
16%
la Pobla de Sant Miquel
16%
la Pobla Tornesa
16%
la Salzadella
16%
la Todolella
16%
la Torre d'en Doménec
16%
Segart
16%
Sot de Ferrer
16%
Suera
16%
Tales
16%
Vilafermosa
16%
Vilar de Canes
16%
Benasau
15%
el Genovés
15%
Geldo
15%
l'Alqueria de la Comtessa
15%
la Serra d'en Galceran
15%
Montant
15%
Ribesalbes
15%
Tollos
15%
Torre-xiva
15%
Villargordo del Cabriel
15%
Algímia d'Alfara
14%
Algorfa
14%
Argeleta
14%
Begís
14%
Benafer
14%
Benimassot
14%
Bugarra
14%
Cortes d'Arenós
14%
Costur
14%
Fageca
14%
Gorga
14%
Granja de Rocamora
14%
la Iessa
14%
la Serratella
14%
la Torre d'en Besora
14%
Olocau de Carraixet
14%
Torralba del Pinar
14%
Traiguera
14%
Xacarella
14%
Aiòder
13%
Almedíxer
13%
Almudaina
13%
Gaibiel
13%
la Font de la Reina
13%
Matet
13%
Pavies
13%
Sacanyet
13%
Vallat
13%
Vilanova d'Alcolea
13%
Algímia d'Almonesir
12%
Assuévar
12%
la Llosa de Ranes
12%
la Pobla d'Arenós
12%
Lludient
12%
Sant Joan de Moró
12%
Toga
12%
Toràs
12%
Vilamalur
12%
Vilanova de Viver
12%
Aranyel
11%
el Castell de Vilamalefa
11%
la Llosa de la Plana
11%
la Vall d'Almonesir
11%
les Fonts d'Aiòder
10%
Llanera de Ranes
10%
Alfara de la Baronia
9%
Rotglà i Corberà
5%
No matching quizzes found
Score Distribution
Percent of People with Each Score
Percentile by Number Answered
Your Score History
You have not taken this quiz